000 00492nam a2200181Ia 4500
008 090124s9999 xx 000 0 und d
082 _b29417
100 _aटकले द. शि.
245 _a गॅलिलिओ
250 _a0
260 _bलोकवाड्.मय गृह
_c1990
300 _a30
600 _aटकले द. शि.
630 _a गॅलिलिओ
700 _aटकले द. शि.
730 _a गॅलिलिओ
942 _cBOOK
999 _c96772
_d96772